ESPN Basketball College GameDay Matchups - Statistics

General Stats
  • This quiz has been taken 57 times
  • The average score is 64 of 75
Answer Stats
Year Answer % Correct
2017 Duke
100%
2018 Florida
100%
Kentucky
100%
North Carolina
100%
UConn
100%
Kansas
98%
Oklahoma
98%
Iowa
96%
Louisville
96%
LSU
96%
Michigan
96%
Michigan State
96%
Oklahoma State
96%
Saint Mary's
96%
Tennessee
96%
Texas
96%
2005 Alabama
94%
Iowa State
94%
Maryland
94%
NC State
94%
Ohio State
94%
Pittsburgh
94%
Purdue
94%
UCLA
94%
2006 Arizona
92%
2008 Auburn
92%
Gonzaga
92%
Houston
92%
Kansas State
92%
South Carolina
92%
Syracuse
92%
Virginia
92%
West Virginia
92%
2022 George Washington
90%
2024 Georgia
90%
Illinois
90%
Indiana
90%
Memphis
90%
Notre Dame
90%
Southern Illinois
90%
Texas A&M
90%
Texas Tech
90%
Vanderbilt
90%
Virginia Tech
90%
Washington
90%
Wisconsin
90%
2010 Boston College
88%
2013 Clemson
88%
2020 Florida State
88%
2009 Baylor
86%
2016 Dayton
86%
Villanova
86%
2007 Arkansas
84%
2012 California
84%
2014 Colorado
84%
Missouri
84%
Miami
82%
Marquette
78%
Oregon
78%
2023 Georgetown
76%
Wichita State
76%
2025 Georgia Tech
73%
TCU
73%
Stanford
71%
Temple
71%
2011 Butler
69%
San Diego State
67%
Mississippi State
65%
SMU
61%
2015 Creighton
57%
2019 Florida Atlantic
51%
Nebraska
51%
UCF
51%
Northern Iowa
43%
La Salle
41%
No matching quizzes found
Score Distribution
Percent of People with Each Score
Percentile by Number Answered
Your Score History
You have not taken this quiz